[Event "Estonian Women's Chess Championship 2025"]
[Site "Tallinn, EE"]
[Date "2025.12.12"]
[Round "1.2"]
[White "Tsiganova, Monika"]
[Black "Narva, Regina"]
[Result "0-1"]
[Board "3"]
[TimeControl "5400+30"]
[WhiteFideId "4500199"]
[BlackFideId "4500237"]
[WhiteTitle "WIM"]
[BlackTitle "WFM"]
[WhiteElo "2055"]
[BlackElo "1947"]
[WhiteTeam "EST"]
[BlackTeam "EST"]
[WhiteClock "0:24:29"]
[BlackClock "0:01:08"]
[Variant "Standard"]

1. d4 {

[%clk 1:30:55]

}  Nf6 {

[%clk 1:29:51]

} 2. Nf3 {

[%clk 1:31:16]

}  e6 {

[%clk 1:29:27]

} 3. c4 {

[%clk 1:28:45]

}  Bb4+ {

[%clk 1:23:31]

} 4. Nbd2 {

[%clk 1:26:01]

}  b6 {

[%clk 1:23:00]

} 5. a3 {

[%clk 1:24:59]

}  Bxd2+ {

[%clk 1:22:38]

} 6. Qxd2 {

[%clk 1:24:26]

}  Bb7 {

[%clk 1:20:41]

} 7. e3 {

[%clk 1:23:55]

}  Ne4 {

[%clk 1:17:39]

} 8. Qc2 {

[%clk 1:24:10]

}  f5 {

[%clk 1:17:24]

} 9. Bd3 {

[%clk 1:21:20]

}  O-O {

[%clk 1:02:27]

} 10. O-O {

[%clk 1:20:54]

}  Rf6 {

[%clk 0:56:01]

} 11. b4 {

[%clk 1:15:56]

}  d6 {

[%clk 0:48:25]

} 12. Bb2 {

[%clk 1:14:17]

}  Rg6 {

[%clk 0:45:12]

} 13. d5 {

[%clk 1:00:03]

}  exd5 {

[%clk 0:37:35]

} 14. cxd5 {

[%clk 0:54:53]

}  Bxd5 {

[%clk 0:32:36]

} 15. Bc4 {

[%clk 0:51:58]

}  Bxc4 {

[%clk 0:32:00]

} 16. Qxc4+ {

[%clk 0:52:22]

}  d5 {

[%clk 0:31:51]

} 17. Rfd1 {

[%clk 0:50:54]

}  c6 {

[%clk 0:27:45]

} 18. Qc2 {

[%clk 0:51:01]

}  Nd7 {

[%clk 0:21:14]

} 19. b5 {

[%clk 0:48:46]

}  Rc8 {

[%clk 0:18:22]

} 20. bxc6 {

[%clk 0:48:39]

}  Rgxc6 {

[%clk 0:12:20]

} 21. Qd3 {

[%clk 0:44:44]

}  Rd6 {

[%clk 0:09:03]

} 22. Nd4 {

[%clk 0:42:21]

}  Ne5 {

[%clk 0:07:56]

} 23. Qe2 {

[%clk 0:40:01]

}  Qd7 {

[%clk 0:05:59]

} 24. Nb5 {

[%clk 0:36:43]

}  Re6 {

[%clk 0:06:25]

} 25. f3 {

[%clk 0:35:29]

}  Nf6 {

[%clk 0:06:12]

} 26. Bd4 {

[%clk 0:35:03]

}  Nc4 {

[%clk 0:06:20]

} 27. a4 {

[%clk 0:33:27]

}  Nxe3 {

[%clk 0:05:58]

} 28. Bxe3 {

[%clk 0:30:56]

}  f4 {

[%clk 0:06:15]

} 29. Ra3 {

[%clk 0:29:09]

}  Rce8 {

[%clk 0:05:00]

} 30. Rc1 {

[%clk 0:25:26]

}  Rxe3 {

[%clk 0:04:57]

} 31. Rxe3 {

[%clk 0:25:12]

}  Rxe3 {

[%clk 0:05:22]

} 32. Qd2 {

[%clk 0:25:37]

}  a6 {

[%clk 0:04:50]

} 33. Rc7 {

[%clk 0:24:22]

}  Qe6 {

[%clk 0:03:44]

} 34. Nd4 {

[%clk 0:22:42]

}  Qe5 {

[%clk 0:03:56]

} 35. Rc8+ {

[%clk 0:22:13]

}  Kf7 {

[%clk 0:04:11]

} 36. h3 {

[%clk 0:22:22]

}  Re1+ {

[%clk 0:04:01]

} 37. Kh2 {

[%clk 0:22:43]

}  Qe3 {

[%clk 0:03:23]

} 38. Rc7+ {

[%clk 0:22:42]

}  Ke8 {

[%clk 0:01:30]

} 39. Qxe3+ {

[%clk 0:22:06]

}  fxe3 {

[%clk 0:01:23]

} 40. Kg3 {

[%clk 0:32:41]

}  Rd1 {

[%clk 0:15:58]

} 41. Nf5 {

[%clk 0:31:44]

}  Kd8 {

[%clk 0:08:51]

} 42. Nxe3 {

[%clk 0:30:11]

}  Rd3 {

[%clk 0:09:11]

} 43. Rc6 {

[%clk 0:29:37]

}  Rxe3 {

[%clk 0:09:16]

} 44. Rxb6 {

[%clk 0:30:00]

}  a5 {

[%clk 0:06:41]

} 45. Rb5 {

[%clk 0:30:20]

}  d4 {

[%clk 0:06:49]

} 46. Kf2 {

[%clk 0:30:23]

}  Re6 {

[%clk 0:06:15]

} 47. Rxa5 {

[%clk 0:30:11]

}  d3 {

[%clk 0:03:51]

} 48. Rb5 {

[%clk 0:30:35]

}  Re2+ {

[%clk 0:03:21]

} 49. Kf1 {

[%clk 0:30:51]

}  Ra2 {

[%clk 0:02:11]

} 50. Rb4 {

[%clk 0:29:53]

}  Kc7 {

[%clk 0:02:07]

} 51. Rd4 {

[%clk 0:30:15]

}  Ra3 {

[%clk 0:02:05]

} 52. Kf2 {

[%clk 0:28:43]

}  Nd7 {

[%clk 0:02:00]

} 53. Ke3 {

[%clk 0:27:12]

}  Nc5 {

[%clk 0:02:09]

} 54. Rc4 {

[%clk 0:26:53]

}  Kb6 {

[%clk 0:02:15]

} 55. Rb4+ {

[%clk 0:26:55]

}  Kc6 {

[%clk 0:02:17]

} 56. Rc4 {

[%clk 0:27:19]

}  Ra2 {

[%clk 0:00:58]

} 57. Kd4 {

[%clk 0:24:29]

}  Rc2 {

[%clk 0:01:08]

} 0-1

[Event "Estonian Women's Chess Championship 2025"]
[Site "Tallinn, EE"]
[Date "2025.12.11"]
[Round "1.1"]
[White "Pritulina, Svetlana"]
[Black "Olde, Grete"]
[Result "0-1"]
[Board "4"]
[TimeControl "5400+30"]
[WhiteFideId "4500890"]
[BlackFideId "4503104"]
[WhiteTitle "WCM"]
[BlackTitle "WCM"]
[WhiteElo "2007"]
[BlackElo "1989"]
[WhiteTeam "EST"]
[BlackTeam "EST"]
[WhiteClock "0:15:59"]
[BlackClock "0:38:30"]
[Variant "Standard"]

1. Nf3 {

[%clk 1:30:41]

}  d5 {

[%clk 1:30:44]

} 2. g3 {

[%clk 1:30:24]

}  Nf6 {

[%clk 1:30:56]

} 3. Bg2 {

[%clk 1:30:04]

}  e6 {

[%clk 1:31:11]

} 4. O-O {

[%clk 1:29:07]

}  Be7 {

[%clk 1:31:20]

} 5. d4 {

[%clk 1:24:03]

}  O-O {

[%clk 1:31:36]

} 6. c3 {

[%clk 1:21:56]

}  b6 {

[%clk 1:30:03]

} 7. Ne5 {

[%clk 1:19:23]

}  Bb7 {

[%clk 1:27:51]

} 8. Bg5 {

[%clk 1:17:07]

}  c5 {

[%clk 1:23:23]

} 9. dxc5 {

[%clk 1:05:57]

}  bxc5 {

[%clk 1:16:52]

} 10. Nd2 {

[%clk 0:57:21]

}  Nc6 {

[%clk 1:12:29]

} 11. Nxc6 {

[%clk 0:53:26]

}  Bxc6 {

[%clk 1:12:05]

} 12. Nc4 {

[%clk 0:52:22]

}  h6 {

[%clk 1:04:52]

} 13. Ne5 {

[%clk 0:52:06]

}  Bb7 {

[%clk 1:03:41]

} 14. Bxf6 {

[%clk 0:46:49]

}  Bxf6 {

[%clk 1:03:05]

} 15. Ng4 {

[%clk 0:47:11]

}  Be7 {

[%clk 1:01:35]

} 16. c4 {

[%clk 0:46:49]

}  Rb8 {

[%clk 0:52:20]

} 17. cxd5 {

[%clk 0:36:59]

}  exd5 {

[%clk 0:50:06]

} 18. Qc2 {

[%clk 0:34:44]

}  d4 {

[%clk 0:43:31]

} 19. Bxb7 {

[%clk 0:33:27]

}  Rxb7 {

[%clk 0:43:52]

} 20. b3 {

[%clk 0:33:33]

}  Qd5 {

[%clk 0:41:17]

} 21. f4 {

[%clk 0:29:37]

}  Bd6 {

[%clk 0:37:50]

} 22. Rad1 {

[%clk 0:28:12]

}  Re8 {

[%clk 0:36:12]

} 23. Rf3 {

[%clk 0:12:34]

}  Qe6 {

[%clk 0:32:59]

} 24. f5 {

[%clk 0:08:16]

}  Qxe2 {

[%clk 0:30:28]

} 25. Qxe2 {

[%clk 0:08:38]

}  Rxe2 {

[%clk 0:30:53]

} 26. Rf2 {

[%clk 0:08:56]

}  Rbe7 {

[%clk 0:29:39]

} 27. Rd2 {

[%clk 0:09:10]

}  R2e4 {

[%clk 0:28:34]

} 28. h3 {

[%clk 0:07:18]

}  h5 {

[%clk 0:27:07]

} 29. Nh2 {

[%clk 0:05:50]

}  Bxg3 {

[%clk 0:26:30]

} 30. Rf3 {

[%clk 0:05:53]

}  Bxh2+ {

[%clk 0:25:32]

} 31. Rxh2 {

[%clk 0:04:22]

}  Re1+ {

[%clk 0:25:05]

} 32. Rf1 {

[%clk 0:02:47]

}  Rxf1+ {

[%clk 0:24:51]

} 33. Kxf1 {

[%clk 0:03:06]

}  Re3 {

[%clk 0:25:00]

} 34. Kf2 {

[%clk 0:01:59]

}  Re5 {

[%clk 0:24:54]

} 35. Kf3 {

[%clk 0:01:57]

}  Rxf5+ {

[%clk 0:24:47]

} 36. Ke4 {

[%clk 0:02:19]

}  g6 {

[%clk 0:24:34]

} 37. b4 {

[%clk 0:02:42]

}  cxb4 {

[%clk 0:24:44]

} 38. Kxd4 {

[%clk 0:03:04]

}  Kg7 {

[%clk 0:23:55]

} 39. Ke4 {

[%clk 0:03:16]

}  Rc5 {

[%clk 0:23:34]

} 40. Kd4 {

[%clk 0:15:59]

}  Rc3 {

[%clk 0:38:30]

} 0-1

[Event "Estonian Women's Chess Championship 2025"]
[Site "Tallinn, EE"]
[Date "2025.12.12"]
[Round "1.2"]
[White "Olde, Grete"]
[Black "Pritulina, Svetlana"]
[Result "1/2-1/2"]
[Board "4"]
[TimeControl "5400+30"]
[WhiteFideId "4503104"]
[BlackFideId "4500890"]
[WhiteTitle "WCM"]
[BlackTitle "WCM"]
[WhiteElo "1989"]
[BlackElo "2007"]
[WhiteTeam "EST"]
[BlackTeam "EST"]
[WhiteClock "0:33:57"]
[BlackClock "0:02:54"]
[Variant "Standard"]

1. e4 {

[%clk 1:30:57]

}  d6 {

[%clk 1:26:26]

} 2. d4 {

[%clk 1:31:16]

}  Nf6 {

[%clk 1:26:33]

} 3. Nc3 {

[%clk 1:31:20]

}  g6 {

[%clk 1:26:41]

} 4. Be3 {

[%clk 1:31:34]

}  Bg7 {

[%clk 1:26:34]

} 5. Qd2 {

[%clk 1:31:45]

}  h5 {

[%clk 1:26:16]

} 6. h4 {

[%clk 1:31:53]

}  Ng4 {

[%clk 1:19:31]

} 7. Bg5 {

[%clk 1:27:37]

}  f6 {

[%clk 1:10:55]

} 8. f3 {

[%clk 1:18:49]

}  fxg5 {

[%clk 1:01:55]

} 9. fxg4 {

[%clk 1:16:47]

}  Bxg4 {

[%clk 0:54:35]

} 10. Qxg5 {

[%clk 1:13:45]

}  Rh6 {

[%clk 0:53:57]

} 11. Be2 {

[%clk 1:09:23]

}  Bxe2 {

[%clk 0:46:29]

} 12. Ngxe2 {

[%clk 1:08:41]

}  e5 {

[%clk 0:46:25]

} 13. dxe5 {

[%clk 1:06:19]

}  dxe5 {

[%clk 0:44:19]

} 14. Qxd8+ {

[%clk 0:55:37]

}  Kxd8 {

[%clk 0:44:39]

} 15. Rd1+ {

[%clk 0:54:49]

}  Ke8 {

[%clk 0:44:55]

} 16. Nb5 {

[%clk 0:50:49]

}  Na6 {

[%clk 0:42:15]

} 17. Nec3 {

[%clk 0:49:15]

}  Rd8 {

[%clk 0:27:03]

} 18. O-O {

[%clk 0:45:37]

}  Rxd1 {

[%clk 0:24:30]

} 19. Rxd1 {

[%clk 0:45:09]

}  Rh7 {

[%clk 0:19:13]

} 20. Nxa7 {

[%clk 0:42:00]

}  c6 {

[%clk 0:19:22]

} 21. Nc8 {

[%clk 0:42:00]

}  Bf8 {

[%clk 0:17:44]

} 22. Nd6+ {

[%clk 0:41:36]

}  Bxd6 {

[%clk 0:16:22]

} 23. Rxd6 {

[%clk 0:41:58]

}  Rg7 {

[%clk 0:16:35]

} 24. Re6+ {

[%clk 0:39:43]

}  Kd7 {

[%clk 0:16:28]

} 25. Rxe5 {

[%clk 0:39:59]

}  Nb4 {

[%clk 0:16:44]

} 26. Rg5 {

[%clk 0:38:12]

}  Nxc2 {

[%clk 0:15:19]

} 27. e5 {

[%clk 0:36:19]

}  Nd4 {

[%clk 0:15:14]

} 28. Ne4 {

[%clk 0:32:44]

}  Ke7 {

[%clk 0:12:34]

} 29. Nd6 {

[%clk 0:31:00]

}  Ne6 {

[%clk 0:09:48]

} 30. Rg3 {

[%clk 0:31:14]

}  b5 {

[%clk 0:08:25]

} 31. Ra3 {

[%clk 0:27:29]

}  Nc7 {

[%clk 0:08:47]

} 32. Rg3 {

[%clk 0:25:47]

}  Ke6 {

[%clk 0:08:11]

} 33. Rg5 {

[%clk 0:25:28]

}  c5 {

[%clk 0:08:02]

} 34. Kf2 {

[%clk 0:24:27]

}  Kd5 {

[%clk 0:05:13]

} 35. Ke3 {

[%clk 0:21:55]

}  Ne6 {

[%clk 0:04:53]

} 36. Rg3 {

[%clk 0:22:15]

}  b4 {

[%clk 0:05:12]

} 37. Kd3 {

[%clk 0:18:21]

}  Nf4+ {

[%clk 0:04:09]

} 38. Ke3 {

[%clk 0:18:16]

}  Ne6 {

[%clk 0:03:32]

} 39. Kd3 {

[%clk 0:18:33]

}  Nf4+ {

[%clk 0:03:19]

} 40. Ke3 {

[%clk 0:33:57]

}  Kxe5 {

[%clk 0:02:54]

} 1/2-1/2

[Event "Estonian Women's Chess Chess Championship 2025"]
[Site "Tallinn, Estonia"]
[Date "2025.12.13"]
[Round "8.1"]
[White "Olde, Margareth"]
[Black "Olde, Grete"]
[Result "1-0"]
[WhiteTitle "WIM"]
[BlackTitle "WCM"]
[WhiteElo "2214"]
[BlackElo "1989"]

1. Nf3 {

[%clk 01:30:54]

} {

[%emt 00:00:05]

} d5 {

[%clk 01:30:22]

} {

[%emt 00:00:39]

} 2. d4 {

[%clk 01:30:51]

} {

[%emt 00:00:33]

} Nf6 {

[%clk 01:30:43]

} {

[%emt 00:00:08]

} 3. e3 {

[%clk 01:31:15]

} {

[%emt 00:00:07]

} e6 {

[%clk 01:31:02]

} {

[%emt 00:00:11]

} 4. Bd3 {

[%clk 01:31:37]

} {

[%emt 00:00:08]

} Be7 {

[%clk 01:30:54]

} {

[%emt 00:00:38]

} 5. Nbd2 {

[%clk 01:31:10]

} {

[%emt 00:00:57]

} O-O {

[%clk 01:30:11]

} {

[%emt 00:01:12]

} 6. b3 {

[%clk 01:31:02]

} {

[%emt 00:00:39]

} b6 {

[%clk 01:29:32]

} {

[%emt 00:01:09]

} 7. Bb2 {

[%clk 01:31:16]

} {

[%emt 00:00:16]

} Bb7 {

[%clk 01:29:25]

} {

[%emt 00:00:38]

} 8. O-O {

[%clk 01:31:28]

} {

[%emt 00:00:17]

} Nbd7 {

[%clk 01:27:47]

} {

[%emt 00:02:08]

} 9. Qe2 {

[%clk 01:31:28]

} {

[%emt 00:00:30]

} c5 {

[%clk 01:25:54]

} {

[%emt 00:02:22]

} 10. Ne5 {

[%clk 01:30:33]

} {

[%emt 00:01:24]

} Ne4 {

[%clk 01:19:01]

} {

[%emt 00:07:24]

} 11. Nxd7 {

[%clk 01:16:25]

} {

[%emt 00:14:38]

} Qxd7 {

[%clk 01:18:51]

} {

[%emt 00:00:39]

} 12. Rad1 {

[%clk 01:04:33]

} {

[%emt 00:12:19]

} Nxd2 {

[%clk 01:12:34]

} {

[%emt 00:06:50]

} 13. Rxd2 {

[%clk 01:03:44]

} {

[%emt 00:01:19]

} f5 {

[%clk 01:11:41]

} {

[%emt 00:01:23]

} 14. f4 {

[%clk 00:55:11]

} {

[%emt 00:09:03]

} Rac8 {

[%clk 01:00:30]

} {

[%emt 00:11:41]

} 15. c3 {

[%clk 00:51:47]

} {

[%emt 00:03:53]

} Qc6 {

[%clk 00:55:43]

} {

[%emt 00:05:17]

} 16. c4 {

[%clk 00:36:43]

} {

[%emt 00:15:34]

} Qe8 {

[%clk 00:49:57]

} {

[%emt 00:06:16]

} 17. dxc5 {

[%clk 00:26:13]

} {

[%emt 00:11:00]

} Bxc5 {

[%clk 00:47:47]

} {

[%emt 00:02:40]

} 18. Be5 {

[%clk 00:23:50]

} {

[%emt 00:02:51]

} Rd8 {

[%clk 00:40:16]

} {

[%emt 00:08:02]

} 19. Rfd1 {

[%clk 00:19:05]

} {

[%emt 00:05:15]

} Qg6 {

[%clk 00:36:06]

} {

[%emt 00:04:41]

} 20. Kh1 {

[%clk 00:17:48]

} {

[%emt 00:01:48]

} Bb4 {

[%clk 00:32:55]

} {

[%emt 00:03:41]

} 21. Rc2 {

[%clk 00:17:27]

} {

[%emt 00:00:50]

} Rd7 {

[%clk 00:30:41]

} {

[%emt 00:02:45]

} 22. Bd4 {

[%clk 00:14:57]

} {

[%emt 00:02:58]

} dxc4 {

[%clk 00:25:00]

} {

[%emt 00:06:14]

} 23. Bxc4 {

[%clk 00:14:47]

} {

[%emt 00:00:39]

} Bc5 {

[%clk 00:22:07]

} {

[%emt 00:03:23]

} 24. Bb5 {

[%clk 00:07:19]

} {

[%emt 00:07:58]

} Rdd8 {

[%clk 00:20:14]

} {

[%emt 00:02:23]

} 25. Rcc1 {

[%clk 00:05:50]

} {

[%emt 00:02:00]

} Bd6 {

[%clk 00:16:39]

} {

[%emt 00:04:05]

} 26. Bc6 {

[%clk 00:05:34]

} {

[%emt 00:00:45]

} Bxc6 {

[%clk 00:15:41]

} {

[%emt 00:01:30]

} 27. Rxc6 {

[%clk 00:06:01]

} {

[%emt 00:00:02]

} Qe8 {

[%clk 00:14:34]

} {

[%emt 00:01:38]

} 28. Qc4 {

[%clk 00:05:11]

} {

[%emt 00:01:18]

} Rc8 {

[%clk 00:13:50]

} {

[%emt 00:01:16]

} 29. Rxc8 {

[%clk 00:03:24]

} {

[%emt 00:02:17]

} Qxc8 {

[%clk 00:14:16]

} {

[%emt 00:00:04]

} 30. Bxg7 {

[%clk 00:01:51]

} {

[%emt 00:02:03]

} Qxc4 {

[%clk 00:12:33]

} {

[%emt 00:02:13]

} 31. bxc4 {

[%clk 00:02:20]

} {

[%emt 00:00:02]

} Kxg7 {

[%clk 00:12:42]

} {

[%emt 00:00:20]

} 32. Rxd6 {

[%clk 00:02:48]

} {

[%emt 00:00:02]

} Kf6 {

[%clk 00:12:06]

} {

[%emt 00:01:06]

} 33. Kg1 {

[%clk 00:02:06]

} {

[%emt 00:01:12]

} Ke7 {

[%clk 00:11:32]

} {

[%emt 00:01:04]

} 34. Rd4 {

[%clk 00:02:15]

} {

[%emt 00:00:20]

} Rc8 {

[%clk 00:11:46]

} {

[%emt 00:00:17]

} 35. Kf2 {

[%clk 00:01:54]

} {

[%emt 00:00:51]

} Rc5 {

[%clk 00:09:42]

} {

[%emt 00:05:24]

} 36. e4 {

[%clk 00:01:02]

} fxe4 {

[%clk 00:09:05]

} 37. Rxe4 {

[%clk 00:01:27]

} Ra5 {

[%clk 00:08:47]

} {

[%emt 00:00:31]

} 38. Re2 {

[%clk 00:01:47]

} {

[%emt 00:00:08]

} Rc5 {

[%clk 00:08:10]

} {

[%emt 00:02:39]

} 39. Rc2 {

[%clk 00:01:45]

} b5 {

[%clk 00:06:48]

} {

[%emt 00:00:55]

} 40. Ke3 {

[%clk 00:17:02]

} {

[%emt 00:00:13]

} bxc4 {

[%clk 00:17:36]

} {

[%emt 00:04:42]

} 41. Kd4 {

[%clk 00:16:29]

} {

[%emt 00:00:55]

} Kd6 {

[%clk 00:12:06]

} {

[%emt 00:06:07]

} 42. Rxc4 {

[%clk 00:16:22]

} {

[%emt 00:00:37]

} Rb5 {

[%clk 00:11:15]

} {

[%emt 00:01:22]

} 43. Kc3 {

[%clk 00:14:28]

} {

[%emt 00:02:20]

} Ra5 {

[%clk 00:10:30]

} {

[%emt 00:01:19]

} 44. a4 {

[%clk 00:14:20]

} {

[%emt 00:00:36]

} Rh5 {

[%clk 00:09:45]

} {

[%emt 00:01:16]

} 45. h3 {

[%clk 00:13:49]

} {

[%emt 00:01:01]

} Rh6 {

[%clk 00:09:18]

} {

[%emt 00:00:57]

} 46. Rb4 {

[%clk 00:11:21]

} {

[%emt 00:02:57]

} Kc6 {

[%clk 00:08:46]

} {

[%emt 00:01:03]

} 47. Kd4 {

[%clk 00:10:49]

} {

[%emt 00:01:01]

} Rh5 {

[%clk 00:08:00]

} {

[%emt 00:01:17]

} 48. Ke4 {

[%clk 00:06:33]

} {

[%emt 00:04:45]

} Kd6 {

[%clk 00:05:48]

} {

[%emt 00:02:43]

} 49. Rb5 {

[%clk 00:01:24]

} {

[%emt 00:05:38]

} Rxb5 {

[%clk 00:04:07]

} {

[%emt 00:02:13]

} 50. axb5 {

[%clk 00:01:52]

} {

[%emt 00:00:02]

} Kc5 {

[%clk 00:04:32]

} {

[%emt 00:00:04]

} 51. Ke5 {

[%clk 00:02:18]

} {

[%emt 00:00:03]

} Kxb5 {

[%clk 00:04:59]

} {

[%emt 00:00:04]

} 52. Kxe6 {

[%clk 00:02:44]

} {

[%emt 00:00:03]

} a5 {

[%clk 00:05:24]

} {

[%emt 00:00:06]

} 53. f5 {

[%clk 00:03:12]

} {

[%emt 00:00:02]

} a4 {

[%clk 00:05:50]

} {

[%emt 00:00:04]

} 54. f6 {

[%clk 00:03:39]

} {

[%emt 00:00:03]

} a3 {

[%clk 00:06:16]

} {

[%emt 00:00:04]

} 55. f7 {

[%clk 00:04:07]

} {

[%emt 00:00:01]

} a2 {

[%clk 00:06:35]

} {

[%emt 00:00:11]

} 56. f8=Q {

[%clk 00:04:32]

} {

[%emt 00:00:05]

} a1=Q {

[%clk 00:07:01]

} {

[%emt 00:00:05]

} 57. Qb8+ {

[%clk 00:03:23]

} {

[%emt 00:01:37]

} Kc4 {

[%clk 00:06:02]

} {

[%emt 00:01:30]

} 58. Qc7+ {

[%clk 00:02:59]

} {

[%emt 00:00:52]

} Kb4 {

[%clk 00:05:07]

} {

[%emt 00:01:24]

} 59. Qf4+ {

[%clk 00:01:20]

} {

[%emt 00:02:11]

} Kb3 {

[%clk 00:05:25]

} {

[%emt 00:00:13]

} 60. Qe3+ {

[%clk 00:01:12]

} {

[%emt 00:00:33]

} Kc4 {

[%clk 00:04:50]

} {

[%emt 00:01:08]

} 61. Qe4+ {

[%clk 00:01:28]

} {

[%emt 00:00:15]

} Kb3 {

[%clk 00:05:09]

} {

[%emt 00:00:21]

} 62. Qb7+ {

[%clk 00:01:00]

} {

[%emt 00:00:56]

} Kc4 {

[%clk 00:05:10]

} {

[%emt 00:00:30]

} 63. Qe4+ {

[%clk 00:00:39]

} {

[%emt 00:00:52]

} Kb3 {

[%clk 00:05:32]

} {

[%emt 00:00:08]

} 64. Kf7 {

[%clk 00:00:41]

} {

[%emt 00:00:26]

} Qa7+ {

[%clk 00:04:57]

} {

[%emt 00:01:06]

} 65. Kg8 {

[%clk 00:01:02]

} {

[%emt 00:00:04]

} Qd7 {

[%clk 00:03:51]

} {

[%emt 00:01:41]

} 66. g4 {

[%clk 00:00:35]

} {

[%emt 00:00:58]

} h5 {

[%clk 00:02:52]

} {

[%emt 00:01:29]

} 67. Qf3+ {

[%clk 00:00:46]

} {

[%emt 00:00:17]

} Kb4 {

[%clk 00:03:08]

} {

[%emt 00:00:15]

} 68. Qf4+ {

[%clk 00:01:03]

} {

[%emt 00:00:10]

} Kc3 {

[%clk 00:03:00]

} {

[%emt 00:00:41]

} 69. Qe5+ {

[%clk 00:01:20]

} {

[%emt 00:00:10]

} Kb4 {

[%clk 00:03:11]

} {

[%emt 00:00:21]

} 70. Qxh5 {

[%clk 00:00:47]

} {

[%emt 00:01:04]

} Qd8+ {

[%clk 00:03:11]

} {

[%emt 00:00:30]

} 71. Kg7 {

[%clk 00:00:36]

} {

[%emt 00:00:39]

} Qe7+ {

[%clk 00:03:09]

} {

[%emt 00:00:35]

} 72. Qf7 {

[%clk 00:00:40]

} {

[%emt 00:00:25]

} Qg5+ {

[%clk 00:03:20]

} {

[%emt 00:00:19]

} 73. Qg6 {

[%clk 00:00:44]

} {

[%emt 00:00:25]

} Qe7+ {

[%clk 00:03:42]

} {

[%emt 00:00:09]

} 74. Kg8 {

[%clk 00:00:53]

} {

[%emt 00:00:22]

} Qd8+ {

[%clk 00:03:49]

} {

[%emt 00:00:23]

} 75. Kf7 {

[%clk 00:01:12]

} {

[%emt 00:00:08]

} Qd7+ {

[%clk 00:03:44]

} {

[%emt 00:00:37]

} 76. Kf6 {

[%clk 00:01:37]

} {

[%emt 00:00:05]

} Qd8+ {

[%clk 00:02:46]

} {

[%emt 00:01:28]

} 77. Ke5 {

[%clk 00:00:40]

} {

[%emt 00:01:24]

} Qh8+ {

[%clk 00:01:51]

} {

[%emt 00:01:28]

} 78. Qf6 {

[%clk 00:00:44]

} {

[%emt 00:00:26]

} Qxh3 {

[%clk 00:01:55]

} {

[%emt 00:00:27]

} 79. g5 {

[%clk 00:00:33]

} {

[%emt 00:00:41]

} Qe3+ {

[%clk 00:01:27]

} {

[%emt 00:00:57]

} 80. Kd6 {

[%clk 00:00:39]

} {

[%emt 00:00:21]

} Qb6+ {

[%clk 00:01:30]

} {

[%emt 00:00:30]

} 81. Ke7 {

[%clk 00:00:57]

} {

[%emt 00:00:11]

} Qc7+ {

[%clk 00:01:32]

} {

[%emt 00:00:28]

} 82. Kf8 {

[%clk 00:01:10]

} {

[%emt 00:00:11]

} Qc8+ {

[%clk 00:01:40]

} {

[%emt 00:00:30]

} 83. Kf7 {

[%clk 00:01:28]

} {

[%emt 00:00:12]

} Qc4+ {

[%clk 00:01:53]

} {

[%emt 00:00:16]

} 84. Kg7 {

[%clk 00:01:11]

} {

[%emt 00:00:47]

} Ka4 {

[%clk 00:00:41]

} {

[%emt 00:01:41]

} 85. Qe5 {

[%clk 00:00:46]

} {

[%emt 00:00:53]

} Qc6 {

[%clk 00:00:42]

} {

[%emt 00:00:34]

} 86. g6 {

[%clk 00:01:01]

} {

[%emt 00:00:13]

} Qc8 {

[%clk 00:00:38]

} {

[%emt 00:00:35]

} 87. Kf7 {

[%clk 00:00:54]

} {

[%emt 00:00:35]

} Qd7+ {

[%clk 00:00:59]

} {

[%emt 00:00:11]

} 88. Kf8 {

[%clk 00:01:08]

} {

[%emt 00:00:09]

} Kb3 {

[%clk 00:00:47]

} {

[%emt 00:00:47]

} 89. g7 {

[%clk 00:00:52]

} {

[%emt 00:00:47]

} Qd8+ {

[%clk 00:00:43]

} {

[%emt 00:00:34]

} 90. Kf7 {

[%clk 00:01:13]

} {

[%emt 00:00:06]

} Qd7+ {

[%clk 00:01:04]

} {

[%emt 00:00:12]

} 91. Kf6 {

[%clk 00:01:33]

} {

[%emt 00:00:07]

} Qd8+ {

[%clk 00:01:21]

} {

[%emt 00:00:17]

} 92. Kf5 {

[%clk 00:01:36]

} {

[%emt 00:00:24]

} Qd3+ {

[%clk 00:01:42]

} {

[%emt 00:00:12]

} 93. Kf4 {

[%clk 00:01:18]

} {

[%emt 00:00:37]

} Qf1+ {

[%clk 00:01:31]

} {

[%emt 00:00:51]

} 94. Kg4 {

[%clk 00:01:31]

} {

[%emt 00:00:14]

} Qd1+ {

[%clk 00:01:40]

} {

[%emt 00:00:23]

} 95. Kh3 {

[%clk 00:01:14]

} {

[%emt 00:00:39]

} Qh1 {

[%clk 00:01:41]

} {

[%emt 00:00:37]

} 96. Qh2 {

[%clk 00:01:02]

} {

[%emt 00:00:38]

} Qf1 {

[%clk 00:02:07]

} {

[%emt 00:00:08]

} 97. Qg2 {

[%clk 00:01:21]

} {

[%emt 00:00:07]

} Qf5 {

[%clk 00:01:47]

} {

[%emt 00:00:55]

} 98. Kh2 {

[%clk 00:01:39]

} {

[%emt 00:00:11]

} Ka4 {

[%clk 00:01:43]

} {

[%emt 00:00:36]

} 99. g8=Q {

[%clk 00:01:29]

} {

[%emt 00:00:39]

} Qh5+ {

[%clk 00:02:00]

} {

[%emt 00:00:13]

} 100. Kg1 {

[%clk 00:01:46]

} {

[%emt 00:00:14]

} Qd1+ {

[%clk 00:02:19]

} {

[%emt 00:00:11]

} 101. Qf1 {

[%clk 00:02:04]

} {

[%emt 00:00:09]

} Qd4+ {

[%clk 00:02:42]

} {

[%emt 00:00:09]

} 102. Qf2 {

[%clk 00:02:25]

} {

[%emt 00:00:08]

} Qd1+ {

[%clk 00:03:02]

} {

[%emt 00:00:10]

} 103. Kg2 {

[%clk 00:02:51]

} {

[%emt 00:00:04]

} 1-0